| 000 | 00358nam a22001457a 4500 | ||
|---|---|---|---|
| 020 | _a9971512718 | ||
| 040 | _cNust | ||
| 082 |
_a519.52 _bCOC |
||
| 100 |
_aCochran _993917 |
||
| 245 | _aSampling Techniques | ||
| 250 | _a3rd Edition | ||
| 260 |
_aNew York: _bJohn Willey and sons Inc, _c1999. |
||
| 650 |
_aSampling Techniques _963794 |
||
| 942 |
_2ddc _cBK |
||
| 999 |
_c611573 _d611573 |
||